Can we advertise by the same way internationally? Cultural insight to France, the United Kingdom and the United States of America
Výskum v oblasti kultúrnych hodnôt krajín a význam ich poznania pre úspešné podnikanie. Porozumenie kultúrnym hodnotám spotrebiteľov. Hofstedeho model kultúrnej dimenzie. Kultúrne dilémy Trompenaarsa. Aplikácie rozmanitej kultúry v marketingu a kultúre.
Gespeichert in:
| 1. Verfasser: | |
|---|---|
| Format: | Buchkapitel |
| Sprache: | Englisch |
| Schlagworte: | |
| Tags: |
Keine Tags, Fügen Sie das erste Tag hinzu!
|
MARC
| LEADER | 00000naa a2200000 4500 | ||
|---|---|---|---|
| 001 | 0205632 | ||
| 005 | 20220713131027.8 | ||
| 041 | 0 | |a eng | |
| 044 | |a CZ | ||
| 245 | 1 | 0 | |a Can we advertise by the same way internationally? Cultural insight to France, the United Kingdom and the United States of America |c Ludmila Navrátilová |
| 520 | |a Výskum v oblasti kultúrnych hodnôt krajín a význam ich poznania pre úspešné podnikanie. Porozumenie kultúrnym hodnotám spotrebiteľov. Hofstedeho model kultúrnej dimenzie. Kultúrne dilémy Trompenaarsa. Aplikácie rozmanitej kultúry v marketingu a kultúre. | ||
| 610 | 2 | 0 | |a diverzita |
| 610 | 2 | 0 | |a kultúra |
| 610 | 2 | 0 | |a USA |
| 610 | 2 | 0 | |a Francúzsko |
| 610 | 2 | 0 | |a rozmanitosť kultúrna |
| 610 | 2 | 0 | |a zvyklosti kultúrne |
| 610 | 2 | 0 | |a reklama |
| 610 | 2 | 0 | |a spotrebitelia |
| 610 | 2 | 0 | |a preferencie spotrebiteľské |
| 610 | 2 | 0 | |a marketing |
| 100 | 1 | |a Navrátilová, Ludmila | |